00462 2200181 4500245003200000020002200032250001200054100001600066700002300082650003300105650001900138005001900157260003800176041001400214084001000228300003300238336000900271 aAyah ...cIrfan HamkahText a978-602-8997-71-3 aCet. 12 aIrfan Hamka aMuh. Iqbal Santosa aBiografi Sastrawan Indonesia aBiografi Hamka a20230309135017 aJakartabPenerbit Republikac2013 aIndonesia a928.1 axxviii, 324 hlm. :c20.5 cm. atext